| 000 | 00835nam a22002897a 4500 | ||
|---|---|---|---|
| 001 | 200460187 | ||
| 003 | TR-AnTOB | ||
| 005 | 20240517113328.0 | ||
| 008 | 240517b tu ||||| |||| 00| 0 tur d | ||
| 020 | _a9786257077477 | ||
| 040 |
_aTR-AnTOB _beng _erda _cTR-AnTOB |
||
| 041 | _atur | ||
| 092 |
_a813.42 _bGEN 2021 |
||
| 100 |
_qGenç, Gürkan, _eauthor. |
||
| 245 |
_aDemir atlı adam _cGürkan Genç, Mine Pöge ; editör: Emre Özcan _pmucize |
||
| 250 | _a1.bs | ||
| 260 |
_aİstanbul : _bEphesus _c2021. |
||
| 264 | _aYağmur Promosyon Ürünleri | ||
| 300 |
_a112 Pages.: _bill.; _c20 cm. |
||
| 336 |
_atext _btxt _2rdacontent |
||
| 337 |
_aunmediated _bn _2rdamedia |
||
| 338 |
_avolume _bnc _2rdacarrier |
||
| 653 | _aTürk Hikayeleri | ||
| 942 |
_2ddc _cBK |
||
| 999 |
_c200460187 _d78399 |
||